000 01561nam a2200373 a 4500
001 ebr10695818
003 CaPaEBR
006 m u
007 cr cn|||||||||
008 130513s2013 enk sb 001 0 eng d
020 _z9781780761510
020 _z9780857721822 (e-book)
040 _aCaPaEBR
_cCaPaEBR
035 _a(OCoLC)846979910
043 _ae-uk---
050 1 4 _aD521
_b.P45 2013eb
082 0 4 _a940.44941
_223
100 1 _aPhilpott, Maryam.
245 1 0 _aAir and sea power in World War I
_h[electronic resource] :
_bcombat and experience in the Royal Flying Corps and the Royal Navy /
_cMaryam Philpott.
260 _aLondon ;
_aNew York :
_bI.B.Tauris,
_c2013.
300 _aix, 258 p.
490 1 _aInternational library of war studies ;
_vv. 19
504 _aIncludes bibliographical references and index.
533 _aElectronic reproduction.
_bPalo Alto, Calif. :
_cebrary,
_d2013.
_nAvailable via World Wide Web.
_nAccess may be limited to ebrary affiliated libraries.
610 1 0 _aGreat Britain.
_bRoyal Flying Corps.
610 1 0 _aGreat Britain.
_bRoyal Navy.
650 0 _aWorld War, 1914-1918
_xAerial operations, British.
650 0 _aWorld War, 1914-1918
_xNaval operations, British.
651 0 _aGreat Britain
_xHistory, Naval
_y20th century.
655 7 _aElectronic books.
_2local
710 2 _aebrary, Inc.
830 0 _aInternational library of war studies ;
_vv. 19.
856 4 0 _uhttp://site.ebrary.com/lib/rucke/Doc?id=10695818
_zAn electronic book accessible through the World Wide Web; click to view
999 _c23940
_d23940